| 000 | 01384nam0a22003371 4500 | ||
|---|---|---|---|
| 001 | RU\NLR\INFOCOMM_233\5000093250 | ||
| 005 | 20250613101712.0 | ||
| 035 | _a(NLR Aleph) 009389049 | ||
| 090 |
_a8030937 _c8030937 |
||
| 100 | _a20110131d1987 |||y0rusy50 ca | ||
| 101 | 0 | _aeng | |
| 102 | _aRU | ||
| 105 | _aa ||||000|y | ||
| 200 | 1 |
_aEffective range analysis of low-energy nucleon-antinucleon interaction _fI. L. Grach, B. O. Kerbikov, Yu. A. Simonov |
|
| 210 |
_aМ. _cAtominform _d1987 |
||
| 215 |
_a37 с. _cграф. _d20 см |
||
| 225 | 1 |
_aPreprint _fInst. of theoretical a. experimental physics _vN 210 |
|
| 300 | _aВ вып. дан.: Нуклон-антинуклонное взаимодействие при малых энергиях в приближении эффективного радиуса / Грач И. Л. и др. | ||
| 320 | _aБиблиогр.: с. 35-37 | ||
| 606 |
_aНуклоны _xВзаимодействие с антинуклонами _2nlr_sh1 |
||
| 686 |
_aВ382.311 _2rubbk |
||
| 700 | 1 |
_9z01790 _aGrač _bI. L. _gInna Leonidovna _4070 |
|
| 701 | 1 |
_aKerbikov _bB. O. _gBoris Olegovič _4070 |
|
| 701 | 1 |
_9z02790 _aSimonov _bJu. A. _4070 |
|
| 790 | 1 |
_9z01700 _aGrach _bI. L. _4070 |
|
| 790 | 1 |
_9z02701 _aSimonov _bYu. A. _4070 |
|
| 801 | 1 |
_aRU _bNLR _c20110131 |
|
| 801 | 0 |
_aRU _bNLR _gPSBO |
|
| 852 |
_aNLR _jФз01 Д-4/4895 |
||
| 942 | _cBOOK | ||
| 980 | _aNB | ||